000 00845nas a2200265 4500
001 BR7801853
003 BR-BrBNA
005 20231205083414.0
007 ta
008 230509b bl.|||p| |||| 00| 00por d
040 _aBR-BrBNA
_bpor
_cBiblioteca Nacional de Agricultura
041 _a(Pt)
072 _aH60
100 1 _aDeuber, R.
100 1 _aFoster, R.
111 1 _a10. Seminario Brasileiro de Herbicidas e Ervas Daninhas
_cSanta Maria, RS (Brazil)
_d16 Jul 1974
245 1 _aControle de tiririca (Cyperus rotundus L.)com glifosato [herbicida]
650 _aERVA DANINHA
650 _aTIRIRICA
650 _aCONTROLE QUIMICO
650 _aHERBICIDA
773 0 _tRevista de Agricultura (Brazil)
_xISSN 0034-7655
_g(Dec 1977), v. 52(4) p. 183-190
_wBR7801853
909 _a202311
_bLúcia
_c55
_dLúcia Elande
942 _2AGRIS
_n0
_cANA
999 _c98539
_d98539